• 首页
  • 本馆介绍
  • 公告通知
  • 最新文献
  • 馆藏检索
  • 电子资源
  • 读者导购
  • 参考咨询
  • 我的图书馆
  • 登录
  • 详细信息显示
  • 放入我的书架
  • 预约/预借图书
  • 作者相关作品
  • 分类相关作品
  • 丛书相关作品
  • 出版社相关作品

书目信息

  • 表格格式
  • 工作单格式
  • 卡片格式
题名:
保尔·厄任费斯脱
    
 
作者: 克莱因 著 ;高达声 译
分册:  
出版信息: 北京   清华大学出版社  1999
页数: 343页
开本: 20cm
丛书名:
单 册:
中图分类: K837.126.11
科图分类:
主题词: 人物传记
电子资源:
ISBN: 7-302-03249-1
000 00918nam0 2200229 45
001 0307010862
005 20031219104112.5
010    @a7-302-03249-1@dCNY18.00
100    @a20030701d1999 km y0chiy0120 ea
101 0  @achi@ceng
105    @aac z 000yy
200 1  @a保尔·厄任费斯脱@ABao Er·E Ren Fei Si Tuo@e20世纪初著名的理论物理学家的成长历程@E20 Shi Ji Chu Zhu Ming De Li Lun Wu Li Xue Jia De Cheng Zhang Li Cheng@f(美)克莱因(Klein,M.J.)著@F(Mei)Ke Lai Yin(Klein,M.J.)Zhu@g高达声等译
210    @a北京@c清华大学出版社@d1999
215    @a343页@d20cm
517    @a20世纪初著名的理论物理学家的成长历程@A20 Shi Ji Chu Zhu Ming De Li LunWu Li Xue Jia De Cheng Zhang Li Cheng
600  0 @a厄任费斯脱@x生平事迹
606 0  @a人物传记
690    @aK837.126.11@v4
701  0 @a克莱因@bKlein,M.J.@4著
702  0 @a高达声@AGao Da Sheng@4译
801    @aCN@bTSTC@c20030701
905    @b324577-581@dK837.126.11@e381KL@f5
    
    保尔·厄任费斯脱:20世纪初著名的理论物理学家的成长历程/(美)克莱因(Klein,M.J.)著/高达声等译.-北京:清华大学出版社,1999
    343页;20cm
    
    
    ISBN 7-302-03249-1:CNY18.00
    
●
相关链接 在E读中查询图书 在五车中查询图书 在当当中查询图书 在豆瓣中查询图书


正题名:保尔·厄任费斯脱     索取号:K837.126.11/381KL         预约/预借

序号 登录号 条形码 馆藏地/架位号 状态 备注
1 0324577   203245773   密集书库/ [索取号:K837.126.11/381KL] 在馆    
2 0324578   203245782   第二借阅区/ [索取号:K837.126.11/381KL] 在馆    
3 0324579   203245791   第二借阅区/ [索取号:K837.126.11/381KL] 在馆    
4 0324580   203245808   密集书库/ [索取号:K837.126.11/381KL] 在馆    
5 0324581   203245817   第二样本阅览室/ [索取号:K837.126.11/381KL] 在馆    
唐山师范学院图书馆 欢迎您!
大连网信软件有限公司© 版权所有